000 00547cam a22002291 4500
001 sa 68018382
003 DLC
005 20260227112711.0
008 890914m19679999ii 000 0 tamo
010 _asa 68018382
035 _a(OCoLC)20341404
040 _aDLC
_cWaU
_dDLC
042 _apremarc
050 0 0 _aB131
_b.S23
100 0 _aSadhu Om,
_d1922-
245 1 0 _aŚrī Ramaṇa val̲i.
260 _c1967-
300 _av.
_c19 cm.
500 _aIn Tamil.
650 0 _aHindu philosophy.
700 0 _aRamana,
_cMaharshi.
_tWho am I?
999 _c88368
_d88368